Statistics for The Longest Johns Discography (~2023)

Click here to take the quiz!

General Stats

  • This quiz has been taken 46 times
    (18 since last reset)
  • The average score is 23 of 78

Answer Stats

Bones In The Ocean (2013)% Correct
Bones in the Ocean
73%
Wellerman
73%
Hog Eye Man
64%
Nantucket
64%
Oak & Ash & Thorn
64%
Christmas at Sea
55%
Drunken Sailor
55%
Hard Times Come Again No More
55%
The Curse
55%
Wayfaring Stranger
55%
Ashes
45%
Bonny Ship The Diamond
45%
Downed and Drowned
45%
Fire & Flame
45%
Hammer and the Anvil
45%
Haul Away Joe
45%
Here's a Health to the Company
45%
Hoist Up The Thing
45%
Moby Duck
45%
On The Railroad
45%
Rolling Along
45%
Santiana
45%
Spanish Ladies
45%
Got No Beard
36%
John Paul Jones Is A Pirate
36%
Old Maui
36%
Pride of the White Star Line
36%
The Captain's Daughter
36%
The Mary Ellen Carter
36%
The Milkmaid
36%
The Workers Song
36%
Anne Louise
27%
Anne Louise
27%
Banks of Newfoundland
27%
Beer Is Great
27%
Four Hours
27%
Johnny Come Down to Hilo
27%
Men I've Known and Killed
27%
Mingulay Boat Song
27%
Randy Dandy O
27%
Round the Cape
27%
Shipping Forecast
27%
Sugar in the Hold
27%
The Banks of the Lee
27%
The Last Bristolian Pirate
27%
The White Whale
27%
Wild Mountain Thyme
27%
All At Sea
18%
A Mighty Wave
18%
Barge Ballad
18%
Beyond The Light
18%
Crossing the Bar
18%
Don't Forget Your Old Shipmate
18%
Drive Thru To My Heart
18%
General Taylor
18%
God Rest Ye Merry Gentlemen
18%
Ode To The Road
18%
Off to Sea
18%
One More Pull
18%
Pay Me My Money Down
18%
Retirement Song
18%
Santiano
18%
The Grey Funnel Line
18%
The Lady Of The Map
18%
The Snow It Melts the Soonest
18%
Thousands or More
18%
Three Score & Ten
18%
All For Me Grog
9%
Eliza Lee
9%
It's Hard to Be a Shantyman (On Christmas)
9%
To The Ends Of The Block
9%
Woodpile
9%
Blow the Man Down
0%
Fairytale of New York
0%
Haul Away Joe (Live)
0%
Last Bristolian Pirate (Live)
0%
My Son John (Live)
0%
Scrooge
0%

Score Distribution

Percentile by Number Answered

Percent of People with Each Score

Your Score History

You have not taken this quiz since the last reset